| 000 | 00484nam a2200181Ia 4500 | ||
|---|---|---|---|
| 001 | 71776 | ||
| 008 | 160401s9999 xx 000 0 und d | ||
| 020 | _a9781138903470 | ||
| 040 | _cPK-LaUMT | ||
| 082 |
_a 320.95491 _bSTA- |
||
| 100 | _aLong, Roger D. | ||
| 245 |
_aState and nation-building in Pakistan _bbeyond Islam and security _cLong, Roger D.|[et al, ] |
||
| 260 |
_aLondon,UK: _bRoutledge, _c2016 |
||
| 300 | _a214 p. | ||
| 546 | _aEN | ||
| 700 | _a[et al, ] | ||
| 942 | _cBK | ||
| 999 |
_c84781 _d84781 |
||